| 000 | 00000nam 2200000za 4500 |
| 001 | 9.663608 |
| 003 | CaOODSP |
| 005 | 20240717145331 |
| 007 | ta |
| 008 | 150407|2002||||xxc||||| f|0| 0 fre d |
| 020 | |a0-662-66438-8 |
| 040 | |aCaOODSP|bfre |
| 041 | |aeng |
| 041 | |afre |
| 043 | |an-cn--- |
| 086 | 1 |aBT22-80/2002 |
| 110 | 1 |aCanada. |bConseil du trésor. |
| 245 | 10|aPolitique de communication du gouvernement du Canada |
| 260 | |aOttawa - Ontario : |bSecrétariat du Conseil du Trésor du Canada |c2002. |
| 300 | |aTexte français, 70p. : |btableaux ; |c25 cm. |
| 546 | |aBilingue |
| 563 | |aReliure à spirale |
| 590 | |a02-15|b2002-04-12 |
| 691 | 07|aPolitique gouvernementale|2gcpds |
| 691 | 07|aCommunications|2gcpds |
| 691 | 07|aGouvernement fédéral|2gcpds |
| 776 | 0#|tPolitique de communication du gouvernement du Canada |w(CaOODSP)9.643274 |
| 776 | 0#|tCommunications policy of the Government of Canada |w(CaOODSP)9.699298 |
| 791 | |tCommunications policy of the Government of Canada |eeng|w(CaOODSP)9.663607 |